| 000 | 00822cam a22002773a 4500 | ||
|---|---|---|---|
| 001 | 24627 | ||
| 003 | PGUSA | ||
| 005 | 20140828083529.0 | ||
| 008 | 080216s2008||||xxu|||||s|||||000 | eng d | ||
| 040 |
_aPGUSA _beng |
||
| 042 | _adc | ||
| 050 | 4 | _aCT | |
| 050 | 4 | _aE151 | |
| 050 | 4 | _aLA | |
| 100 | 1 |
_aStowe, Lyman Beecher, _d1880-1963 |
|
| 245 | 1 | 0 |
_aBooker T. Washington : _bBuilder of a Civilization _h[electronic resource] / _cLyman Beecher Stowe |
| 260 |
_bProject Gutenberg, _c2008 |
||
| 506 | _aPublic domain in the USA. | ||
| 516 | _aElectronic text | ||
| 653 | _aWashington, Booker T., 1856-1915 | ||
| 653 | _aAfrican Americans -- Biography | ||
| 653 | _aEducators -- United States -- Biography | ||
| 830 | 0 |
_aProject Gutenberg _v24627 |
|
| 856 | 4 | 0 | _uhttp://www.gutenberg.org/ebooks/24627 |
| 942 | _cEB | ||
| 999 |
_c253882 _d253882 |
||